000 00366nam a22001457a 4500
008 230606b xxu||||| |||| 00| 0 eng d
020 _a9781861526052
082 _a658.3
_bSTO
245 _aHuman Resource Management
_bA Critical Text
250 _asecond
260 _aSingapore
_bThomson Learing
_c2006
300 _a373 p
760 _bSecond
942 _2ddc
_cBK
_e2nd
999 _c677
_d677